Economics and its enemies : Two centuries of anti-economics
Anti-economics is described as the opposition to the mainstream of economic thought that has existed from the 18th century to the present day. This book tells the story of anti-economics in relation to Smith, Ricardo, Mill, Walras, Keynes, and Hicks as well as current economic thinkers. William Cole...
Сохранить в:
| Главный автор: | |
|---|---|
| Формат: | |
| Язык: | Undetermined |
| Опубликовано: |
New York
Palgrave Macmillan
2002
|
| Предметы: | |
| Метки: |
Добавить метку
Нет меток, Требуется 1-ая метка записи!
|
| Thư viện lưu trữ: | Trung tâm Học liệu Trường Đại học Cần Thơ |
|---|
| LEADER | 01208nam a2200229Ia 4500 | ||
|---|---|---|---|
| 001 | CTU_116588 | ||
| 008 | 210402s9999 xx 000 0 und d | ||
| 020 | |c 401000 | ||
| 082 | |a 330.09 | ||
| 082 | |b C692 | ||
| 100 | |a Coleman, William Oliver | ||
| 245 | 0 | |a Economics and its enemies : | |
| 245 | 0 | |b Two centuries of anti-economics | |
| 245 | 0 | |c William Oliver Coleman | |
| 260 | |a New York | ||
| 260 | |b Palgrave Macmillan | ||
| 260 | |c 2002 | ||
| 520 | |a Anti-economics is described as the opposition to the mainstream of economic thought that has existed from the 18th century to the present day. This book tells the story of anti-economics in relation to Smith, Ricardo, Mill, Walras, Keynes, and Hicks as well as current economic thinkers. William Coleman examines how anti-economics developed from the Enlightenment to the present day and analyzes its various guises; Right anti-economics, Left anti-economics, Nationalist and Historicist anti-economics and Irrationalist, Moralist, Aesthetic, and Environmental anti-economics. | ||
| 650 | |a Economics,Economics | ||
| 650 | |x History,Moral and ethical aspects | ||
| 904 | |i Hiếu | ||
| 980 | |a Trung tâm Học liệu Trường Đại học Cần Thơ | ||